00931nam a2200217 a 450000100060000000300090000600800410001502000150005604000280007108200230009910000270012224500590014926000250020830000100023350501580024365000690040165000610047094200120053199900170054395201530056022882CO-ViMGA141112s2004 ck r 000 u spa d a8497321960 aCO-ViMGAbspacCO-ViMGA04aMEVIECAR.642 L491g1 aLizasoain, Luis93280410aGestiòn y anàlisis de datos con sps versiòn 11 aEspaña : bThomson a480p. aNormas generales de operacion, Modificacion de las variables, Automatizacion de tareas en spss, Analisis estadistico basico, Definicion de las variables14aESTADISTICAS - PROGRAMACION PARA COMPUTADORES - MANUALES93280514aSPS ( PROGRAMACION PARA COMPUTADORES) - MANUALES 932806 2ddccBK c31175d31175 00102ddc40708002aMEVIECARbMEVIECARd2015-12-04hVolumen. 1 | 11/nov/2009l0o001.642 L491g p22882r2022-10-03 00:00:00tEj. 1w2015-12-04yBK